[Event "FIDE Womens World Cup 2021"]
[Site "Sochi"]
[Date "2021.07.22"]
[Round "4.1"]
[White "Saduakassova, Dinara"]
[Black "Kashlinskaya, Alina"]
[Result "1/2-1/2"]
[WhiteElo "2483"]
[BlackElo "2488"]
[Annotator "TA"]
[PlyCount "161"]
[EventDate "2021.07.12"]
[EventType "k.o."]
[EventCountry "RUS"]
[SourceTitle "playchess.com"]
[Source "ChessBase"]
[SourceQuality "1"]

{[%evp 12,161,17,18,18,21,17,16,11,11,18,15,18,-4,2,25,42,14,25,2,50,0,85,77,85,76,81,50,56,80,74,32,76,0,18,0,0,0,0,0,0,0,0,-79,-81,-154,0,0,0,-8,0,0,0,0,0,0,0,0,0,0,26,31,175,177,206,137,162,0,198,172,190,183,143,0,0,0,0,0,0,0,0,0,0,0,0,0,0,0,0,0,0,0,0,0,0,0,0,0,0,0,0,0,0,0,45,0,0,0,0,0,18,0,0,0,24,29,60,19,27,0,0,0,0,0,0,0,0,-13,-22,-43,-50,-43,-56,-43,-43,-46,-46,-48,-43,-44,-44,-45,-46,-67,-15,-35,0,-23,0,0,0,0]} 1. d4 Nf6 2. c4 e6 3. Nf3 d5 4. Nc3 Bb4 5. Qa4+ Nc6 6. e3 O-O 7. Bd2 dxc4 {D38: Queen's Gambit Declined: Ragozin Defence (4 Nf3 Bb4).} 8. Bxc4 Bd6 9. Qc2 $1 {9.Qc2 scores better than 9.Nb5.} a6 10. O-O b5 11. Be2 Bb7 12. Rad1 Qe7 13. a3 Rac8 14. Rfe1 {[#]} h6 $146 ({Predecessor:} 14... e5 15. d5 Nb8 16. e4 c6 17. dxc6 Bxc6 18. Bg5 Nbd7 19. Qd2 Bc5 20. Bf1 h6 {½-½ (74) Davtyan,A (2437)-Mikhalevski,V (2571) Chess.com INT 2020}) 15. h3 e5 16. Bd3 (16. d5 $5 {[%cal Rd5c6]} Na7 17. e4 $14) 16... exd4 (16... Rfe8 $1 $11 17. Ne4 exd4 18. Nxd6 Qxd6) 17. exd4 $16 Qd8 18. Ne4 Nb8 19. Ne5 Nxe4 20. Bxe4 Bxe4 21. Qxe4 Nd7 22. Nc6 (22. Qg4 $16 Nf6 23. Qg3) 22... Qf6 $11 23. Bc3 Rfe8 24. Qxe8+ Rxe8 25. Rxe8+ Kh7 26. Ne5 Nb6 27. Ng4 (27. Re1 $11) 27... Qg6 $17 28. d5 (28. Ne5 $142 Qc2 29. Re1) 28... h5 $2 (28... Na4 $17 29. Re2 Nxc3 30. bxc3 Bxa3) 29. Ne3 $11 Qg5 30. Bd4 Nxd5 31. h4 $1 {[%cal Rh4g5]} Qxh4 32. Nxd5 Qh2+ 33. Kf1 Qh1+ 34. Ke2 Qxg2 35. Ne3 Qc6 (35... Qg6 {keeps more tension.} 36. f3 f5 37. Rd8 f4 38. Nd5 Qe6+) 36. Rd8 Be7 (36... a5 $14) 37. Rd5 $18 Qg6 38. Rh1 h4 39. Rd7 $2 ({White should play} 39. Re5 $18 Bg5 40. Rc5 Bxe3 41. Kxe3 (41. Bxe3 Qg4+ 42. Kd3 Kg8 $14) 41... Qe6+ 42. Re5 Qh6+ 43. Ke2) 39... Qe4 (39... Qe6 $1 $11 {and Black is okay.} 40. Rd5 (40. Rxc7 Qd6 $11) 40... Kg8) 40. Rg1 ({And not} 40. Rxc7 Qxh1 41. Rxe7 h3 $17) 40... g5 41. f3 ({Stronger than} 41. Rxc7 Qxd4 42. Rxe7 Qxb2+ 43. Ke1 Qc1+ 44. Nd1 Qf4 $11) 41... Qe6 {[#]} 42. Rxc7 (42. Rd5 $1 $16) 42... Qd6 $11 43. Rgc1 h3 $1 44. Rxe7 Qxe7 45. Rh1 Kg6 46. Rxh3 f5 $1 ({Don't go for} 46... Qd7 $2 {[#]} 47. Rh6+ $3 {[%mdl 512]} Kxh6 48. Ng4+ Qxg4 49. fxg4 $18) 47. Kf2 Qd7 48. Bc3 Qa7 49. Ke2 {Black should prevent Rh8.} Qe7 {Threatening ...f4.} 50. Kd3 (50. Rh8 {feels hotter.} f4 51. Rg8+ Kh6 52. Rh8+ Kg6) 50... Qb7 (50... Qd7+ {with more complications.} 51. Bd4 Qc6 52. Kd2 Qd7 53. Kd3) 51. Kd2 Qd7+ 52. Kc2 (52. Ke2 {seems wilder.} Qe7) 52... Qe6 53. Nf1 (53. Bd2 {is more complex.} f4 54. Ng4 Qc4+ 55. Bc3 Qe2+ 56. Bd2) 53... a5 54. Nd2 Qb6 55. b4 a4 56. Rh8 Qe6 57. Rb8 Qd7 58. Rb6+ Kh5 59. Rf6 Qd5 60. Rf8 Qe6 61. Rh8+ Kg6 62. Rb8 Qd7 63. Rg8+ Kh6 64. Rg7 Qe6 65. Rc7 g4 $1 {[%cal Rg4f3]} 66. fxg4 fxg4 67. Rc5 g3 68. Bd4 Qa2+ 69. Kd1 Qxa3 {...Qd3 is the strong threat.} 70. Ke2 Qxb4 71. Be3+ Kg6 72. Rg5+ Kf7 {And now ...a3 would win.} 73. Rxg3 a3 {Threatens to win with ...a2.} 74. Rf3+ Ke8 {[%mdl 1024] Black has compensation.} 75. Rf4 Qb2 {White must now prevent ...a2.} 76. Bd4 Qc2 {aiming for ...a2.} 77. Rf3 b4 ({Black should try} 77... Qa4 $15 78. Kd3 a2) 78. Rb3 Qc7 {Strongly threatening ...a2.} 79. Kd3 $1 Qa5 80. Kc4 a2 {Hoping for ...Qc7+.} 81. Rxb4 {Black escapes into a draw.  Weighted Error Value: White=0.21/Black=0.19} 1/2-1/2

[Event "FIDE Womens World Cup 2021"]
[Site "Sochi"]
[Date "2021.07.22"]
[Round "4.1"]
[White "Kosteniuk, Alexandra"]
[Black "Muzychuk, Mariya"]
[Result "1/2-1/2"]
[WhiteElo "2472"]
[BlackElo "2550"]
[Annotator "TA"]
[PlyCount "106"]
[EventDate "2021.07.12"]
[EventType "k.o."]
[EventCountry "RUS"]
[SourceTitle "playchess.com"]
[Source "ChessBase"]
[SourceQuality "1"]

{[%evp 17,106,0,8,-3,39,37,37,38,37,37,40,41,37,37,51,43,49,45,42,29,43,29,39,22,56,56,56,47,20,0,54,18,24,27,22,-39,-39,-41,-47,-42,-44,-85,-88,-110,-107,-108,-87,-87,-82,-127,-70,-110,-53,-68,-50,-53,-50,-167,-167,-167,-167,-167,-167,-167,-167,-309,-117,-118,-70,-70,-70,-70,-74,-112,-103,-103,-24,-23,-23,-23,0,0,0,0,0,0,0,0,0,0,0]} 1. e4 c5 2. Nf3 e6 3. c4 Nc6 4. d4 cxd4 5. Nxd4 Nf6 6. Nc3 Bb4 7. Nxc6 bxc6 8. Bd3 e5 9. O-O O-O 10. h3 {10.Qe2 is setting a new trend. B44: Sicilian: Taimanov: 5 Nb5.} Be7 11. Be3 d6 {[#]} 12. Qf3 $146 {White is slightly better.} ({Predecessor:} 12. Qc2 Be6 13. Rfd1 h6 14. Rac1 Qb8 15. Be2 Rd8 16. Kh1 Qc8 17. Qb1 Nh7 18. b4 {1-0 (47) Kaya,E (1992)-Kazimova,N (2198) Konya 2012}) 12... Be6 13. Rfd1 Qb8 14. b3 Rd8 15. Be2 Qb7 16. Qg3 Kh8 17. Rac1 Qb4 18. Rd3 Rd7 19. Bf3 Rad8 20. Rcd1 a5 21. Bd2 $1 Qa3 22. Bc1 Qb4 23. Bd2 Qa3 $1 24. Bg4 (24. Bg5 {is interesting.} h6 25. Bxf6 Bxf6 26. Bg4 Bxg4 27. Qxg4 Rb7 28. Qe2) 24... Nxg4 25. hxg4 a4 26. Nxa4 {[#]} (26. Bc1 $11 Qb4 27. Nd5 cxd5 28. exd5) 26... Bxc4 $1 $15 27. bxc4 (27. Rc3 Be6) 27... Qxa4 {[%mdl 64] Double Attack} 28. Rc1 {Strongly threatening Ra3.} Qxa2 29. Qh2 Kg8 30. g5 Rb7 {And now ...Rb1 would win.} 31. Qh5 Rb3 (31... Rb1 {looks sharper.} 32. Rh3 Rxc1+ 33. Bxc1 h6 34. gxh6 g6) 32. Rxb3 Qxb3 33. Be3 Qb7 (33... Qd3 $17 34. Qg4 c5) 34. g3 Qd7 (34... c5 $17 35. Qf3 Ra8) 35. Kg2 Qe6 36. Rh1 Qg6 37. Qg4 {[#]} (37. Qxg6 $15 hxg6 38. Ra1) 37... h6 $1 $19 38. Rh5 d5 39. cxd5 cxd5 40. exd5 Rxd5 41. Kh3 (41. Qc4 $142) 41... e4 $2 (41... Qb1 $19 {[%cal Rb1h1] and Black stays clearly on top.} 42. Qc8+ Rd8) 42. Rh4 $17 Re5 {[%cal Rh6g5]} 43. Qc8+ Kh7 44. Qg4 Qe6 (44... Qc6 {with more complications.} 45. Kh2 Qd5 46. Kg1 Bxg5 47. Bxg5 Rxg5 48. Qxe4+ g6) 45. Qxe6 Rxe6 {[%mdl 4096] Endgame KRB-KRB} ({Don't play} 45... fxe6 $6 46. Bd4 $11) 46. Rg4 Kg8 ({Black should try} 46... hxg5 $17 {White must now prevent ...Kg6.} 47. Bxg5 f5 48. Rh4+ Kg6 49. Bxe7 Rxe7) 47. gxh6 $11 g6 {Hoping for ...f5.} 48. Rf4 g5 49. Rf5 {The position is equal.} Rxh6+ 50. Kg4 f6 51. Rb5 Kf7 52. Kf5 Rh1 53. Kxe4 Kg6 {White happily takes the draw.  Weighted Error Value: White=0.17/Black=0.16} 1/2-1/2

[Event "FIDE Womens World Cup 2021"]
[Site "Sochi"]
[Date "2021.07.22"]
[Round "4.1"]
[White "Stefanova, Antoaneta"]
[Black "Goryachkina, Aleksandra"]
[Result "1-0"]
[WhiteElo "2463"]
[BlackElo "2596"]
[Annotator "TA"]
[PlyCount "93"]
[EventDate "2021.07.12"]
[EventType "k.o."]
[EventCountry "RUS"]
[SourceTitle "playchess.com"]
[Source "ChessBase"]
[SourceQuality "1"]

{[%evp 15,93,2,27,16,32,25,36,-1,14,-8,25,-4,0,-1,0,0,0,0,0,-16,-35,-47,-52,-69,-14,-14,-14,-14,-14,-104,-106,-106,-114,-95,-7,0,6,14,297,293,308,289,297,291,284,277,400,398,499,350,342,332,344,341,403,402,395,374,394,391,391,383,423,398,512,464,517,510,569,554,1177,1054,12795,6153,12829,5273,1558,1536,1114,734]} 1. Nf3 d5 2. g3 c6 3. Bg2 Bg4 4. O-O Nf6 5. d4 e6 6. c4 Nbd7 7. cxd5 exd5 8. Nc3 Bd6 9. Ne1 {A07: Réti Opening: New York and Capablanca Systems.} O-O 10. f3 Be6 {[#]} 11. Nd3 $146 {White is slightly better.} ({Predecessor:} 11. e4 c5 12. Nb5 Be7 13. e5 Ne8 14. f4 a6 15. Na3 f5 16. Qb3 Nc7 17. dxc5 Nxc5 {½-½ (38) Miller,E (2355)-Arnold,M (2267) Forchheim 2018}) 11... Re8 12. Nf4 Nf8 {[%cal Bd7f8,Bf8e6,Be6c5][%mdl 32]} 13. Nxe6 Nxe6 14. Be3 c5 15. dxc5 $1 Bxc5 16. Bxc5 Nxc5 17. Qd2 (17. e3 $5) 17... d4 18. Nb5 d3 19. exd3 Qb6 ({Avoid the trap} 19... Qxd3 $2 20. Qxd3 Nxd3 21. Nc7 $18) (19... a6 $15 20. Nc3 Nxd3) 20. d4 $1 $11 Qxb5 21. dxc5 Rad8 22. Qc3 (22. Qc1 $1 $11 {remains equal.}) 22... Nd5 $1 $17 {[%cal Rd5c3][%mdl 1024] Black has strong compensation.} 23. Qa3 {[#]} Ne3 $1 24. Rf2 Nc4 ({Black should try} 24... Rd3 $17 25. Qxa7 Nd1) 25. Qc3 $11 {And now Bf1 would win.} ({Don't go for} 25. Qxa7 $2 Ra8 $19) 25... Re3 26. Qc2 {Bf1 is the strong threat.} Qxc5 $2 {[%mdl 8192] Loses the game.} (26... Ne5 $11) 27. Rc1 $18 Red3 {Threatens to win with ...Rd2.} 28. Kh1 b5 {[#]} 29. b3 $1 h5 30. bxc4 b4 (30... bxc4 $142 31. Bf1 Rc3) 31. Qe2 Rc3 32. Re1 Rxc4 33. Bf1 Rc3 34. Kg2 h4 35. gxh4 Rd6 36. Kh1 Re6 37. Qd2 Rxe1 38. Qxe1 Re3 39. Qd2 Qe7 40. Qd4 {White is clearly winning.} Re1 41. Kg2 a5 42. Rc2 {Black must now prevent Rc8+.} Qe6 {intending ...Qg6+.} 43. Bd3 g6 44. h5 gxh5 45. Qd8+ (45. Rc5 $142 Qxa2+ 46. Kh3 Qe6+ 47. Kh4) 45... Kg7 46. Qg5+ {[%mdl 64] Double Attack} Kf8 47. Qxh5 {Weighted Error Value: White=0.14/Black=0.43} 1-0

[Event "FIDE Womens World Cup 2021"]
[Site "Sochi"]
[Date "2021.07.22"]
[Round "4.1"]
[White "Gunina, Valentina"]
[Black "Batsiashvili, Nino"]
[Result "1/2-1/2"]
[WhiteElo "2437"]
[BlackElo "2487"]
[Annotator "TA"]
[PlyCount "112"]
[EventDate "2021.07.12"]
[EventType "k.o."]
[EventCountry "RUS"]
[SourceTitle "playchess.com"]
[Source "ChessBase"]
[SourceQuality "1"]

{[%evp 13,112,32,43,33,37,37,60,63,58,60,60,59,59,42,43,49,62,59,58,41,39,34,37,38,25,38,59,7,9,9,10,10,9,10,9,15,14,15,93,89,104,95,94,96,135,134,135,135,140,127,139,131,300,292,292,294,271,279,275,164,153,166,248,254,483,409,508,157,681,681,681,681,653,673,670,670,671,657,650,628,650,616,602,587,558,508,483,69,69,69,69,68,68,68,68,0,68,68,68,0,69]} 1. e4 e5 2. Nf3 Nc6 3. Bb5 a6 4. Ba4 Nf6 5. O-O Bc5 6. c3 O-O 7. d4 Ba7 8. Bg5 {C78: Ruy Lopez: Archangelsk and Möller Defences.} h6 9. Bh4 d6 10. Bxc6 {White is slightly better.} bxc6 11. dxe5 dxe5 12. Nxe5 Qe7 {[#]} 13. Bg3 $146 ({Predecessor:} 13. Nxc6 Qxe4 14. Nxa7 Bh3 15. gxh3 Rfd8 16. Nd2 Qxh4 17. Qf3 Rxa7 18. Nb3 c5 19. Qg3 {½-½ (32) Vachier Lagrave,M (2784)-Van Foreest,J (2671) Wijk aan Zee 2021}) 13... Nxe4 14. Nxc6 Qg5 15. Nxa7 Rxa7 16. Qd4 Nxg3 17. hxg3 c5 18. Qf4 Qxf4 19. gxf4 Rd8 20. Na3 (20. c4 $14) 20... Be6 $11 21. Rfe1 Rad7 22. b3 Rd2 23. Re5 Rd1+ 24. Rxd1 Rxd1+ {[%mdl 4096] Endgame KRB-KRN} 25. Kh2 Rd2 (25... Ra1 $11 {keeps the balance.}) 26. f5 $16 Bd7 {[#]} 27. f3 Rxa2 28. Nc4 Rc2 29. Rd5 Be8 30. Nd6 ({But not} 30. Rxc5 $6 Rxc3 31. Rc8 Kf8 $11) 30... Bc6 31. Rxc5 Bxf3 32. Kg3 {Black must now prevent Rc8+.} Bxg2 $2 (32... Bh5 $16) 33. Rc8+ $18 Kh7 34. Nxf7 {[%csl Gf7][%cal Rc8h8]} g5 35. Rc7 Bd5 {[#]} 36. Nxg5+ (36. Ne5+ $142 $1 Kg8 37. c4 Rg2+ 38. Kh3) 36... Kg8 37. Nf3 a5 (37... h5 $142 38. b4 Rc1) 38. Nd4 Rb2 (38... Rc1 39. Kf4 Re1) 39. f6 Bxb3 40. Nf5 $2 (40. c4 $18 {and the rest is easy. Ne6 would kill now.} Bxc4 41. Rxc4) 40... Rc2 $2 (40... Re2 $16 41. c4 (41. Nxh6+ Kf8 $18) 41... Re6) 41. Nxh6+ Kh8 42. Rc8+ Kh7 {[#]} 43. f7 $1 Bxf7 44. Nxf7 {KRN-KR} a4 45. Ng5+ Kg6 46. Ne4 a3 47. Kf4 Rc1 48. Rc6+ Kg7 49. Ra6 Ra1 50. Ke3 $2 (50. Nd2 $18) 50... a2 $14 51. Ke2 Kh7 52. Ra7+ Kg6 53. Ra5 Kg7 54. Ra6 Kh7 $1 55. Nf6+ Kg7 56. Ne4 Kh7 $1 {White really could win this.  Weighted Error Value: White=0.38/Black=0.35} 1/2-1/2

[Event "FIDE Womens World Cup 2021"]
[Site "Sochi"]
[Date "2021.07.23"]
[Round "4.2"]
[White "Goryachkina, Aleksandra"]
[Black "Stefanova, Antoaneta"]
[Result "1-0"]
[WhiteElo "2596"]
[BlackElo "2463"]
[Annotator "TA"]
[PlyCount "79"]
[EventDate "2021.07.12"]
[EventType "k.o."]
[EventCountry "RUS"]
[SourceTitle "playchess.com"]
[Source "ChessBase"]
[SourceQuality "1"]

{[%evp 15,79,26,26,14,22,29,21,31,34,31,31,33,48,25,26,43,48,26,23,30,24,23,26,29,23,11,35,10,9,8,50,48,59,49,91,83,172,162,395,381,409,420,406,205,722,708,906,856,1021,933,1420,1003,1108,1085,1762,1693,1537,1520,6275,5377,29987,29988,29993,29994,29995,29993]} 1. d4 d5 2. c4 c6 3. Nf3 Nf6 4. Nc3 a6 5. e3 e6 6. b3 Bb4 7. Bd2 Nbd7 8. Bd3 O-O 9. O-O {D45: Semi-Slav: 5 e3.} Bd6 10. Re1 Re8 11. Qc2 {The position is equal.} h6 12. h3 {[#]} b6 $146 ({Predecessor:} 12... e5 13. cxd5 Nxd5 14. Nxd5 cxd5 15. dxe5 Nxe5 16. Nxe5 Bxe5 17. Bc3 Bxc3 18. Qxc3 Qg5 {½-½ (35) Sargissian,G (2693)-Bu,X (2670) Istanbul 2012}) 13. Rad1 Qc7 14. e4 {e5 is the strong threat.} dxc4 15. bxc4 {aiming for e5.} e5 16. dxe5 Nxe5 17. Nxe5 Bxe5 18. Ne2 Bd6 19. Be3 Nd7 20. f4 Bc5 21. Bxc5 Nxc5 22. e5 b5 23. Ng3 {[%cal Be2g3,Bg3h5,Bh5f6][%mdl 32]} Nxd3 24. Rxd3 {[%cal Bd1d3,Bd3e3,Be3g3][%mdl 32]} bxc4 {[#] White stays focused until the end.} 25. Rde3 Qb6 {[#]} (25... Qd8 $16) 26. Kh2 $1 $18 {[%mdl 1024] White has strong compensation.} c5 $2 (26... Ra7) 27. Nh5 {Strongly threatening Rg3!} Kh8 28. Rg3 Rg8 29. f5 (29. Rd1 $142 {Threatens to win with Rd6.} Qc7 30. Rd6) 29... Rb8 $2 (29... Ra7 30. f6 g5) 30. e6 f6 31. Qc1 {White threatens Rxg7! and mate.} Qc7 {[#]} 32. Nxf6 $1 {[%mdl 576] Pin} Qxg3+ (32... Rb1 33. Qxb1) 33. Kxg3 gxf6+ 34. Kh2 {[%cal Rc1h6]} Kh7 35. Qc3 Bb7 36. Re2 Rg5 37. Qxf6 Rbg8 38. g4 {White mates.} h5 39. e7 hxg4 40. Qxg5 {[%mdl 64] Promotion.  Weighted Error Value: White=0.09/Black=0.58} 1-0

[Event "FIDE Womens World Cup 2021"]
[Site "Sochi"]
[Date "2021.07.23"]
[Round "4.2"]
[White "Muzychuk, Mariya"]
[Black "Kosteniuk, Alexandra"]
[Result "0-1"]
[WhiteElo "2550"]
[BlackElo "2472"]
[Annotator "TA"]
[PlyCount "68"]
[EventDate "2021.07.12"]
[EventType "k.o."]
[EventCountry "RUS"]
[SourceTitle "playchess.com"]
[Source "ChessBase"]
[SourceQuality "1"]

{[%evp 15,68,13,20,18,24,4,8,-31,21,17,26,41,29,4,31,16,16,-18,50,-42,-32,-85,-72,-223,-225,-272,-287,-365,-445,-407,-445,-464,-456,-446,-421,-576,-559,-668,-656,-625,-641,-626,-672,-880,-633,-929,-765,-1038,-1069,-1062,-1039,-29986,-29986,-29993,-29994]} 1. e4 e5 2. Nf3 Nc6 3. Bc4 Bc5 4. c3 Nf6 5. d3 O-O 6. O-O d5 7. exd5 Nxd5 8. Re1 Bg4 9. h3 {C54: Giuoco Piano: 4 c3 Nf6, main lines with 5 d4 and 5 d3.} Bh5 10. Nbd2 Nb6 11. Bb3 {The position is equal. is recently more successful than 11.Bb5.} Kh8 ({Black should play} 11... Qxd3 $15 12. Bc2 Bxf3 13. Nxf3 Qxd1 14. Bxd1 Rae8) 12. Ne4 $11 Bd6 13. g4 Bg6 {[#]} 14. Ng3 $146 ({Predecessor:} 14. d4 exd4 15. Nxd4 Nxd4 16. Qxd4 Be7 17. Bf4 f5 18. Qxd8 Raxd8 19. Ng5 Nd5 20. Bd2 Bxg5 21. Bxg5 {1-0 (48) Giri,A (2783)-Inarkiev,E (2693) St Petersburg 2018}) 14... Nd7 15. Bc2 a5 16. h4 {aiming for h5.} h6 17. h5 (17. g5 $1 $14) 17... Bh7 $15 18. g5 {[#]} (18. a4 $15) 18... f5 $1 $17 19. gxh6 $2 {This move loses the game for White.} (19. Kh1 $17) 19... gxh6 $19 20. Bxh6 Rg8 21. Bb3 Qf6 22. Bxg8 Rxg8 23. Bg5 Rxg5 24. Nxg5 Qxg5 25. Kf1 Nf6 26. Qf3 Ng4 {[#] And now ...Nh2+ would win.} 27. Qg2 e4 28. d4 Nd8 {[%cal Bc6d8,Bd8e6,Be6f4][%mdl 32]} 29. c4 Ne6 30. c5 Bf8 31. Rad1 Nf4 32. Qh1 Bg8 33. Nxe4 Bc4+ 34. Kg1 fxe4 {Weighted Error Value: White=0.89/Black=0.08} 0-1

[Event "FIDE Womens World Cup 2021"]
[Site "Sochi"]
[Date "2021.07.23"]
[Round "4.2"]
[White "Dzagnidze, Nana"]
[Black "Shuvalova, Polina"]
[Result "1-0"]
[WhiteElo "2523"]
[BlackElo "2489"]
[Annotator "TA"]
[PlyCount "53"]
[EventDate "2021.07.12"]
[EventType "k.o."]
[EventCountry "RUS"]
[SourceTitle "playchess.com"]
[Source "ChessBase"]
[SourceQuality "1"]

{[%evp 10,53,-2,-1,7,0,0,-9,-16,-38,-44,-52,-41,-42,-13,-32,-23,-43,0,3,57,40,131,114,286,261,564,554,568,607,667,647,582,493,590,580,845,845,959,964,937,930,1277,1237,1139,1043]} 1. Nf3 Nf6 2. g3 d5 3. Bg2 e6 4. O-O Be7 5. d3 O-O 6. Nbd2 a5 {A07: Réti Opening: New York and Capablanca Systems.} 7. e4 a4 8. e5 Nfd7 {The position is equal.} 9. a3 c5 10. c4 {[#]} Nc6 $146 ({Predecessor:} 10... dxc4 11. dxc4 Nc6 12. Re1 Qc7 13. Qe2 Rd8 14. b3 Nb6 15. Rb1 axb3 16. Rxb3 Na4 {0-1 (58) Malecki,R (2096)-Kowalczyk,R (2242) Raciborz 2020}) 11. Re1 Re8 12. h4 h6 13. Qe2 Nb6 14. Nf1 dxc4 (14... Bd7 $11) 15. dxc4 $14 Nd4 ({Better is} 15... Na5 $14) 16. Nxd4 $16 Qxd4 {[#] This costs Black the game.} (16... cxd4 $16 {might work better.} 17. Qg4 Kh8) 17. Bxh6 $1 $18 {[%mdl 512]} Bd7 $2 {[#]} (17... Qxc4 {is tougher.} 18. Qh5 g6) 18. Rac1 $1 {White is clearly winning.} gxh6 (18... f5 19. Bf4) 19. Red1 f5 {Black wants to play ...Qg4.} 20. Rxd4 cxd4 21. Rd1 Bc5 22. g4 Kf7 23. Ng3 Rg8 24. gxf5 exf5 25. Qh5+ Kg7 26. e6 Bxe6 27. Nxf5+ {Weighted Error Value: White=0.08/Black=0.59} 1-0

[Event "FIDE Womens World Cup 2021"]
[Site "Sochi"]
[Date "2021.07.23"]
[Round "4.2"]
[White "Tan, Zhongyi"]
[Black "Khademalsharieh, Sarasadat"]
[Result "1-0"]
[WhiteElo "2511"]
[BlackElo "2494"]
[Annotator "TA"]
[PlyCount "91"]
[EventDate "2021.07.12"]
[EventType "k.o."]
[EventCountry "RUS"]
[SourceTitle "playchess.com"]
[Source "ChessBase"]
[SourceQuality "1"]

{[%evp 12,91,13,7,28,36,38,46,49,39,52,47,39,43,45,35,35,29,61,61,67,0,0,0,0,0,0,0,0,0,0,0,0,0,0,0,8,0,0,-39,97,88,106,101,162,166,165,169,206,213,196,115,87,84,83,92,118,113,89,7,8,0,0,0,202,201,364,393,385,385,3327,3168,2553,1591,4590,4570,1298,1934,29972,29973,29991,29992]} 1. d4 d5 2. c4 e6 3. Nf3 Nf6 4. g3 Bb4+ 5. Bd2 a5 6. Qc2 O-O 7. Bg2 c5 {E11: Bogo-Indian.} 8. cxd5 cxd4 9. Nxd4 Qb6 {White is slightly better.} 10. e3 exd5 11. O-O Nc6 12. Nxc6 bxc6 13. Rc1 Rb8 14. b3 {[#]} Bxd2 $146 ({Predecessor:} 14... Bd7 15. Nc3 Ba3 16. Rd1 Bg4 17. Rf1 Rfe8 18. Bc1 Be7 19. Bb2 h5 20. Na4 Qb4 {0-1 (45) Cuenca Jimenez,J (2506)-Valenzuela Gomez,F (2382) Barcelona 2021}) 15. Nxd2 Bd7 16. a4 ({Better is} 16. Nf3 $14) 16... Rfc8 $11 17. Qc5 Qd8 18. Qd6 Rb4 19. Rc5 Ne8 20. Qe5 f6 21. Qc3 Nd6 {White should prevent ...Nb7.} 22. Qd3 Qb6 23. Rac1 {And now Bxd5+! would win.} Be6 24. R5c3 Kh8 25. Bf1 Bd7 {[#]} (25... c5 $15) 26. Nc4 $1 $16 {[%cal Rc4b6]} Nxc4 27. bxc4 d4 (27... Rd8 $16) 28. exd4 $18 Rxa4 {[#]} 29. c5 $1 {[%cal Rc5b6]} Qc7 {[#]} 30. d5 cxd5 31. c6 ({White should try} 31. Qxd5 $18 {Hoping for c6.} Bc6 32. Qd6) 31... Be6 $16 32. Re1 {[%mdl 1024] White has strong compensation.} Bg8 33. Bh3 $36 {[%mdl 2048] White is in control.} Rb8 34. Bd7 Rab4 35. h4 (35. Qf5 $16) 35... a4 $11 36. h5 d4 37. Rc2 Bf7 $2 (37... Rb1 $11 38. Rcc1 R1b3 39. Qxd4 Rxg3+ 40. fxg3 Qxg3+ 41. Kf1 Qf3+ {[%mdl 64] Double Attack} 42. Qf2 Qh1+ 43. Qg1 (43. Ke2 Qe4+ 44. Kf1 Qh1+ {[%mdl 64] Double Attack} 45. Qg1 Qf3+ 46. Qf2 Qh1+ $11) 43... Qf3+ 44. Qf2 Qh1+ 45. Qg1 (45. Ke2 Qe4+ 46. Kf1 Qh1+ $11 {[%mdl 64] Double Attack}) 45... Qf3+ 46. Qf2) 38. h6 $1 $18 Bg6 $2 {[#]} (38... Qd6 39. c7 Qxd7) 39. Rce2 $1 {[%mdl 512] Bf5 is the strong threat.} gxh6 ({Inferior is} 39... Bxd3 40. Re8+ Rxe8 41. Rxe8#) (39... Qxd7 40. cxd7 Kg8 41. Re8+ Bxe8 42. dxe8=Q+ Rxe8 43. Rxe8+ Kf7 44. hxg7 Kxg7 45. Re7+ Kf8 46. Qxh7 Rb1+ 47. Kg2 Rg1+ 48. Kxg1 a3 49. Qg7#) 40. Bf5 Rg8 (40... Rb3 41. Qxd4 Rxg3+ 42. fxg3 Qxg3+ 43. Kf1 Qf3+ 44. Qf2 (44. Rf2 Qh1+ 45. Ke2 Re8+ 46. Kd3 Qxe1 $11) 44... Qh1+ 45. Qg1 Qf3+ 46. Rf2 Qxc6 47. Bxg6 Qc4+ 48. Rfe2 Rg8 {[%mdl 64] Pin}) 41. Bxg6 {White threatens Re7! and mate.} Rb3 42. Qf5 hxg6 43. Qxf6+ {[%mdl 64] Double Attack} Qg7 44. Qd6 d3 45. Re7 Qb2 46. Qf4 {[%cal Rf4h6][%mdl 64] Double Attack.  Weighted Error Value: White=0.10/Black=0.42} 1-0